000 00323pab a2200133 454500
008 180718b1990 xxu||||| |||| 00| 0 eng d
245 _aEducation, women entrepreneurship and national development
260 _c1990
300 _a2-4
362 _a16 Jul.
650 _aWomen
773 _aUniversity News
909 _a21185
999 _c21185
_d21185